000 00520nam a2200205Ia 4500
008 160418s9999 xx 000 0 und d
020 _a971-569-057-2
050 _aFIL PL 5539
050 _b.G66 1993
100 _aGonzalez, N.V.M.
245 4 _aThe Bamboo dancers /
245 _cN.V.M. Gonzalez.
260 _aManila :
260 _bEducational Pub. House,
260 _c1993
300 _a358 pages :
300 _billustrations ;
300 _c18 cm.
650 _aShort stories, Philipines ( English).
999 _c293579
_d293579